|
|
|
|
| LEADER |
00000naa2a2200000 4500 |
| 001 |
621723 |
| 005 |
20240215134318.0 |
| 035 |
|
|
|a (RuTPU)RU\TPU\conf\20339
|
| 035 |
|
|
|a RU\TPU\conf\20337
|
| 090 |
|
|
|a 621723
|
| 100 |
|
|
|a 20170117d2016 k y0rusy50 ba
|
| 101 |
0 |
|
|a eng
|
| 102 |
|
|
|a RU
|
| 105 |
|
|
|a y z 101zy
|
| 135 |
|
|
|a drcn ---uucaa
|
| 181 |
|
0 |
|a i
|
| 182 |
|
0 |
|a b
|
| 200 |
1 |
|
|a Creating a varistor based on zinc oxide (ZNO) powder, obtained by plasma dynamic method
|f K. Firsovа, A. A. Sivkov, Yu. L. Shanenkova
|
| 203 |
|
|
|a Текст
|c электронный
|
| 225 |
1 |
|
|a Технологии материалов новых поколений и наноматериалов
|
| 300 |
|
|
|a Заглавие с титульного экрана
|
| 320 |
|
|
|a [Библиогр.: с. 23 (4 наз.)]
|
| 330 |
|
|
|a Zinc Oxide (ZnO) is a perspective material. This paper shows the results on synthesis of hexagonal zinc oxide and it's application.
|
| 463 |
|
1 |
|0 (RuTPU)RU\TPU\conf\20333
|t Высокие технологии в современной науке и технике (ВТСНТ-2016)
|o сборник научных трудов V Международной научно-технической конференции молодых ученых, аспирантов и студентов, г. Томск, 5–7 декабря 2016 г.
|f Национальный исследовательский Томский политехнический университет (ТПУ) ; под ред. А. Н. Яковлева
|v [С. 22-23]
|d 2016
|
| 610 |
1 |
|
|a труды учёных ТПУ
|
| 610 |
1 |
|
|a электронные ресурсы
|
| 610 |
1 |
|
|a nanoparticles
|
| 610 |
1 |
|
|a synthesis
|
| 610 |
1 |
|
|a plasma
|
| 610 |
1 |
|
|a окиси
|
| 610 |
1 |
|
|a наночастицы
|
| 610 |
1 |
|
|a кристаллические структуры
|
| 610 |
1 |
|
|a синтез
|
| 700 |
|
1 |
|a Firsovа
|b K.
|
| 701 |
|
1 |
|a Sivkov
|b A. A.
|c Specialist in the field of electric power engineering
|c Professor of Tomsk Polytechnic University, Doctor of technical sciences
|f 1951-
|g Aleksandr Anatolyevich
|3 (RuTPU)RU\TPU\pers\32273
|9 16262
|
| 701 |
|
1 |
|a Shanenkova
|b Yu. L.
|c specialist in the field of electric power engineering
|c Associate Professor of Tomsk Polytechnic University, Candidate of Technical Sciences
|f 1991-
|g Yuliya Leonidovna
|3 (RuTPU)RU\TPU\pers\34119
|9 17659
|
| 712 |
0 |
2 |
|a Национальный исследовательский Томский политехнический университет (ТПУ)
|b Энергетический институт (ЭНИН)
|b Кафедра электроснабжения промышленных предприятий (ЭПП)
|3 (RuTPU)RU\TPU\col\18676
|
| 801 |
|
2 |
|a RU
|b 63413507
|c 20170207
|g RCR
|
| 856 |
4 |
|
|u http://earchive.tpu.ru/handle/11683/36459
|
| 942 |
|
|
|c BK
|